000 00370nam a2200133Ia 4500
008 100328s9999 xx 000 0 und d
082 _b74205
100 _aनायक श्रीकांत.
245 _aनिर्मूलन.
260 _bयोगिता.
630 _aनिर्मूलन.
730 _aनिर्मूलन.
942 _cBOOK
999 _c559926
_d559923